Rost dorogovizny i infljacija v mire kapitala

Salvato in:
Dettagli Bibliografici
Autore principale: Matjuchin, Georgij Gavrilovič
Natura: Libro
Lingua:russo
Pubblicazione: Moskva Meždunarodnyje otnošenija 1984
Tags: Aggiungi Tag
Nessun Tag, puoi essere il primo ad aggiungerne!!

MARC

LEADER 00000nam a2200000 4500
001 c107077
005 20041019155138.9
041 0 |a rus 
044 |a RU 
245 1 0 |a Rost dorogovizny i infljacija v mire kapitala  |c Georgij Gavrilovič Matjuchin 
264 1 |a Moskva  |b Meždunarodnyje otnošenija  |c 1984 
300 |a 219 s. 
100 1 |a Matjuchin, Georgij Gavrilovič